000 00634cam a2200205 a 4500
020 _a9781845932817 (pbk. : alk. paper)
020 _a9781845932824 (ebook)
082 0 0 _a551.492
_bGRE/IN
100 1 _aGregersen, H. M.
245 1 0 _aIntegrated watershed management :
260 _aWallingford, Oxforshire, UK ;
_aCambridge, MA :
_bCABI,
_cc2007.
300 _axiii, 201 p. :
_bill. (some col.) ;
650 0 _aWatershed management.
650 0 _aWater quality management.
650 0 _aLand use.
650 0 _aConservation of natural resources.
700 1 _aFfolliott, Peter F.
700 1 _aBrooks, Kenneth N.
942 _cBK
999 _c13798
_d13798